[Event "BL 1718 Hamburger SK - SV Mülheim Nord"]
[Site "?"]
[Date "2017.11.12"]
[Round "4.4"]
[White "Kollars, Dmitrij"]
[Black "Landa, Konstantin"]
[Result "1/2-1/2"]
[WhiteElo "2498"]
[BlackElo "2607"]
[PlyCount "136"]
[EventDate "2017.??.??"]

1. e4 c6 2. d4 d5 3. e5 c5 4. dxc5 e6 5. a3 Bxc5 6. b4 Bb6 7. Nf3 Ne7 8. Bd3 a5
9. Bb2 axb4 10. axb4 Rxa1 11. Bxa1 Na6 12. Bc3 Nc7 13. O-O Bd7 14. Bd4 Bxd4 15.
Nxd4 Nc6 16. Nxc6 Bxc6 17. Nd2 O-O 18. Nf3 Qe7 19. c3 Nb5 20. Bxb5 Bxb5 21. Re1
Ra8 22. Nd4 Bc4 23. Qg4 g6 24. h4 Bd3 25. Re3 h5 26. Qf4 Be4 27. Nb5 Bf5 28.
Nd6 Ra1+ 29. Kh2 Bg4 30. Qg5 Qxg5 31. hxg5 b6 32. c4 dxc4 33. Nxc4 Ra2 34. f3
Bf5 35. Rc3 h4 36. Nd6 h3 37. Nxf5 gxf5 38. Kxh3 Rb2 39. Rc4 b5 40. Rd4 Kg7 41.
f4 Kg6 42. g3 Rc2 43. Rd3 Rb2 44. Rd4 Rb3 45. Kg2 Kh5 46. Kh3 Rb1 47. Rd8 Kg6
48. Rg8+ Kh7 49. Rb8 Rxb4 50. Kg2 Rb2+ 51. Kf3 b4 52. Ke3 Kg6 53. Kf3 Rb3+ 54.
Kg2 Rb1 55. Rg8+ Kh7 56. Rb8 Kg7 57. Kf2 b3 58. Kg2 Rb2+ 59. Kf3 Kg6 60. Rg8+
Kh7 61. Rb8 Kg7 62. Ke3 Rb1 63. Kf3 b2 64. Kg2 Kg6 65. Rg8+ Kh7 66. Rb8 Kg7 67.
Kh2 Kg6 68. Kg2 Kg7 1/2-1/2

[Event "BL 1718 Hamburger SK - SV Mülheim Nord"]
[Site "?"]
[Date "2017.11.12"]
[Round "4.5"]
[White "Beerdsen, Thomas"]
[Black "Lampert, Jonas"]
[Result "1/2-1/2"]
[WhiteElo "2428"]
[BlackElo "2514"]
[PlyCount "52"]
[EventDate "2017.??.??"]

1. e4 e5 2. Nf3 Nf6 3. Nc3 Nc6 4. d4 exd4 5. Nxd4 Bb4 6. Nxc6 bxc6 7. Bd3 O-O
8. O-O Re8 9. Bg5 h6 10. Bh4 g5 11. Bg3 Bxc3 12. bxc3 Nxe4 13. Qh5 d6 14. f4
Bf5 15. Bxe4 Rxe4 16. fxg5 Bg6 17. Qxh6 Qf8 18. Qxf8+ Kxf8 19. Rab1 Ke7 20. Rb4
Re2 21. Re1 Rxe1+ 22. Bxe1 Re8 23. Kf2 Bxc2 24. Bd2 Kd7 25. Rf4 Bg6 26. g4 Re4
1/2-1/2

[Event "BL 1718 Hamburger SK - SV Mülheim Nord"]
[Site "?"]
[Date "2017.11.12"]
[Round "4.6"]
[White "Heinemann, Thies"]
[Black "Levin, Felix"]
[Result "1/2-1/2"]
[WhiteElo "2484"]
[BlackElo "2474"]
[PlyCount "40"]
[EventDate "2017.??.??"]

1. e4 e5 2. Nf3 Nc6 3. Nc3 Nf6 4. d4 exd4 5. Nxd4 Bb4 6. Nxc6 bxc6 7. Bd3 O-O
8. O-O Re8 9. Qf3 Rb8 10. Bg5 Be7 11. b3 d6 12. Rfe1 Ng4 13. Bxe7 Qxe7 14. Qf4
Qe5 15. Qxe5 Nxe5 16. Bf1 g5 17. Rad1 Bd7 18. f3 Kg7 19. Kf2 h6 20. Rd2 Ng6
1/2-1/2

[Event "BL 1718 Hamburger SK - SV Mülheim Nord"]
[Site "?"]
[Date "2017.11.12"]
[Round "4.7"]
[White "Hausrath, Daniel"]
[Black "Carlstedt, Jonathan"]
[Result "1/2-1/2"]
[WhiteElo "2484"]
[BlackElo "2413"]
[PlyCount "119"]
[EventDate "2017.??.??"]

1. Nf3 d5 2. g3 Bg4 3. Bg2 Nd7 4. d4 e6 5. O-O Bd6 6. Nbd2 f5 7. c4 c6 8. Qb3
Rb8 9. Re1 Qe7 10. cxd5 cxd5 11. Ne5 Bh5 12. Ndf3 Ngf6 13. Bf4 O-O 14. Rac1 Nb6
15. a4 Bb4 16. Bd2 Bxd2 17. Nxd2 Qd6 18. a5 Nbd7 19. f4 Qa6 20. Qa4 Nxe5 21.
dxe5 Ne4 22. Nf3 Be8 23. Qb4 Bc6 24. Nd4 Kf7 25. Bf1 Rfc8 26. e3 b5 27. Rc2 Bd7
28. Rec1 Rxc2 29. Rxc2 Rc8 30. Bd3 Rxc2 31. Bxc2 Qc8 32. b3 a6 33. Kg2 Qc3 34.
Qxc3 Nxc3 35. Bd3 Na2 36. Kf2 Nb4 37. Ke2 Nc6 38. Nxc6 Bxc6 39. Kd2 Ke7 40. Kc3
g6 41. Kd4 Kd8 42. Be2 h5 43. h3 Be8 44. g4 h4 45. Kc5 Kc7 46. Bf3 Bc6 47. Kd4
Bb7 48. gxf5 gxf5 49. Bh5 Kd7 50. b4 Ba8 51. Bg6 Bb7 52. Bf7 Ke7 53. Bh5 Kd7
54. Bf3 Kc7 55. Be2 Kc6 56. Bd3 Ba8 57. Bc2 Bb7 58. Bd1 Ba8 59. Bh5 Kd7 60. Bf3
1/2-1/2

[Event "BL 1718 Hamburger SK - SV Mülheim Nord"]
[Site "?"]
[Date "2017.11.12"]
[Round "4.8"]
[White "Engel, Luis"]
[Black "Warmerdam, Max"]
[Result "1-0"]
[WhiteElo "2344"]
[BlackElo "2380"]
[PlyCount "85"]
[EventDate "2017.??.??"]

1. e4 c5 2. Nf3 e6 3. d4 cxd4 4. Nxd4 a6 5. Bd3 Bc5 6. Nb3 Be7 7. Qg4 g6 8. Qe2
d6 9. Nc3 Nd7 10. O-O Qc7 11. f4 Ngf6 12. a4 b6 13. g4 h6 14. Rf2 Bb7 15. Bd2
g5 16. fxg5 hxg5 17. Bxg5 Nh7 18. Be3 Ng5 19. Kh1 Ne5 20. Nd4 Rh3 21. Bf4 Bf6
22. Bg3 Bg7 23. Rd1 Qe7 24. Rg2 Qf6 25. a5 b5 26. Ndxb5 axb5 27. Bxb5+ Kf8 28.
a6 Bc8 29. Rxd6 Kg8 30. Nd5 exd5 31. Rxf6 Bxf6 32. Bxe5 Bxe5 33. Qd2 Nf3 34.
Qxd5 Bxh2 35. Rf2 Bc7+ 36. Kg2 Rg3+ 37. Kf1 Rg1+ 38. Ke2 Nd4+ 39. Kd2 Ba5+ 40.
c3 Nb3+ 41. Qxb3 Be6 42. Bc4 Rd8+ 43. Bd5 1-0

[Event "BL 1718 SK Norderstedt - SV Werder Brem"]
[Site "?"]
[Date "2017.11.12"]
[Round "4.2"]
[White "Ostrovskiy, Andrey"]
[Black "McShane, Luke J"]
[Result "0-1"]
[WhiteElo "2444"]
[BlackElo "2647"]
[PlyCount "84"]
[EventDate "2017.??.??"]

1. e4 e5 2. Nf3 Nc6 3. Bb5 Nf6 4. d3 Bc5 5. Bxc6 dxc6 6. Qe2 Qd6 7. Nbd2 Be6 8.
O-O Nd7 9. Ng5 Nf8 10. Nxe6 Nxe6 11. Nc4 Qe7 12. c3 f6 13. b4 Bd6 14. Na5 Nd8
15. Be3 O-O 16. a3 b6 17. Nc4 Nf7 18. f3 Qe6 19. a4 Rad8 20. a5 Rd7 21. Ra2
Rfd8 22. Rfa1 Bf8 23. axb6 axb6 24. Rd2 Nh8 25. f4 exf4 26. Bxf4 Ng6 27. Bg3 b5
28. Na5 Re8 29. Qh5 Ne5 30. Bxe5 fxe5 31. Nb7 Rb8 32. Ra7 Qb3 33. Rf2 Qxc3 34.
Qf5 Qxd3 35. Nc5 Bxc5 36. bxc5 Re7 37. Ra6 Qd1+ 38. Rf1 Qd4+ 39. Qf2 Qxe4 40.
Ra3 Qd4 41. Qxd4 exd4 42. Ra6 b4 0-1

[Event "BL 1718 SK Norderstedt - SV Werder Brem"]
[Site "?"]
[Date "2017.11.12"]
[Round "4.3"]
[White "Efimenko, Zahar"]
[Black "Kopylov, Michael"]
[Result "1-0"]
[WhiteElo "2636"]
[BlackElo "2424"]
[PlyCount "95"]
[EventDate "2017.??.??"]

1. e4 Nf6 2. e5 Nd5 3. d4 d6 4. Nf3 dxe5 5. Nxe5 c6 6. Be2 Bf5 7. O-O Nd7 8.
Nf3 e6 9. c4 N5f6 10. Nc3 Bd6 11. Nh4 Bg6 12. c5 Be7 13. Bf4 Nd5 14. Nxd5 exd5
15. Nxg6 hxg6 16. Re1 O-O 17. b4 a6 18. a4 Bf6 19. Qd2 Re8 20. Bg4 Nf8 21. Rxe8
Qxe8 22. Re1 Ne6 23. g3 Qd7 24. Bxe6 fxe6 25. Bd6 Kf7 26. Rb1 Qe8 27. Re1 Qh8
28. h4 Qh5 29. Bf4 Re8 30. Kg2 Qf5 31. f3 Qh5 32. g4 Qh8 33. g5 Bd8 34. Kg3 Qf8
35. Bd6 Be7 36. Qf4+ Kg8 37. Rxe6 Bxd6 38. Qxd6 Rxe6 39. Qxe6+ Kh7 40. a5 Qb8+
41. f4 Qf8 42. Kg4 Qd8 43. h5 gxh5+ 44. Kxh5 Qf8 45. g6+ Kh8 46. Kg4 b5 47.
cxb6 c5 48. dxc5 1-0

[Event "BL 1718 SK Norderstedt - SV Werder Brem"]
[Site "?"]
[Date "2017.11.12"]
[Round "4.4"]
[White "Krause, Benedict"]
[Black "Nyback, Tomi"]
[Result "0-1"]
[WhiteElo "2453"]
[BlackElo "2572"]
[PlyCount "70"]
[EventDate "2017.??.??"]

1. e4 e5 2. Nf3 Nc6 3. Bc4 Bc5 4. O-O Nf6 5. d3 O-O 6. h3 d6 7. c3 h6 8. Re1 a5
9. a4 Be6 10. Bb5 Na7 11. d4 exd4 12. cxd4 Bb4 13. Bd2 Nxb5 14. axb5 d5 15. e5
Nd7 16. Na3 Nb6 17. Bxb4 axb4 18. Nc2 Rxa1 19. Nxa1 Qd7 20. Qc2 Nc4 21. b3 Qxb5
22. bxc4 dxc4 23. Qb2 c3 24. Qc1 Ra8 25. d5 Qxd5 26. Nc2 c5 27. Ne3 Qd3 28. Rd1
Qe2 29. Ng4 Bxg4 30. hxg4 b3 31. e6 b2 32. exf7+ Kf8 33. Qf4 Qxd1+ 34. Kh2 b1=Q
35. Ne5 Qd5 0-1

[Event "BL 1718 SK Norderstedt - SV Werder Brem"]
[Site "?"]
[Date "2017.11.12"]
[Round "4.5"]
[White "Spoelman, Wouter"]
[Black "Parvanyan, Ashot"]
[Result "1/2-1/2"]
[WhiteElo "2586"]
[BlackElo "2374"]
[PlyCount "41"]
[EventDate "2017.??.??"]

1. c4 Nf6 2. Nc3 g6 3. e4 d6 4. g3 Bg7 5. Bg2 O-O 6. Nge2 c5 7. O-O Nc6 8. d3
a6 9. h3 Rb8 10. a4 Ne8 11. Be3 b5 12. axb5 axb5 13. Nxb5 Nc7 14. Nbc3 Rxb2 15.
Qc1 Rb4 16. f4 Bd7 17. Ra2 Rb3 18. Qd2 Nd4 19. Kh2 Qb8 20. Nd5 Nxd5 21. exd5
1/2-1/2

[Event "BL 1718 SK Norderstedt - SV Werder Brem"]
[Site "?"]
[Date "2017.11.12"]
[Round "4.6"]
[White "Polischuk, Viktor"]
[Black "Markgraf, Rolf-Alexander"]
[Result "0-1"]
[WhiteElo "2302"]
[BlackElo "2513"]
[PlyCount "86"]
[EventDate "2017.??.??"]

1. e4 c5 2. Nf3 d6 3. d4 cxd4 4. Nxd4 Nf6 5. Nc3 Nc6 6. Bc4 e6 7. Be3 Be7 8.
Qe2 a6 9. O-O-O Qc7 10. Bb3 Na5 11. g4 b5 12. g5 Nxb3+ 13. axb3 Nd7 14. h4 b4
15. Na4 Nc5 16. f3 Bd7 17. Kb1 Nxa4 18. bxa4 Bxa4 19. Rc1 Bd7 20. h5 a5 21. g6
fxg6 22. hxg6 h6 23. c3 b3 24. Nxb3 e5 25. c4 Rb8 26. Rc3 a4 27. Nc1 d5 28.
exd5 Bf5+ 29. Ka1 Bb4 30. Bd4 a3 31. b3 O-O 32. Bxe5 Qb6 33. Re3 Rbe8 34. Ka2
Bc5 35. Re1 Qxg6 36. Rc3 Bb4 37. Qd2 Bb1+ 38. Ka1 Rxf3 39. Bd4 Rxe1 40. Qxe1
Rxc3 41. Bxc3 Qc2 42. Qe6+ Kh7 43. Bxg7 Bc3+ 0-1

[Event "BL 1718 SK Norderstedt - SV Werder Brem"]
[Site "?"]
[Date "2017.11.12"]
[Round "4.7"]
[White "Fish, Gennadij"]
[Black "Kahlert, Thomas"]
[Result "1-0"]
[WhiteElo "2457"]
[BlackElo "2195"]
[PlyCount "183"]
[EventDate "2017.??.??"]

1. d4 Nf6 2. c4 g6 3. Nc3 d5 4. Nf3 Bg7 5. Bg5 Ne4 6. cxd5 Nxg5 7. Nxg5 e6 8.
Qd2 exd5 9. Qe3+ Kf8 10. Qf4 Bf6 11. h4 h6 12. Nf3 Be6 13. e3 c6 14. g4 Nd7 15.
Qg3 Qb8 16. Qg2 Qd6 17. Bd3 c5 18. h5 g5 19. O-O Kg7 20. Rad1 a6 21. Bb1 Rhe8
22. dxc5 Qxc5 23. Nd4 Bxd4 24. Rxd4 Nf6 25. Bd3 Rad8 26. Be2 Rd6 27. Qg3 Rd7
28. f4 gxf4 29. Qxf4 Nh7 30. Qe5+ Kg8 31. Ne4 Qc7 32. Qxc7 Rxc7 33. Nc3 Kg7 34.
Bf3 Ng5 35. Bg2 Rc4 36. Rff4 b5 37. a3 Rb8 38. Nxd5 Bxd5 39. Rxd5 Rc1+ 40. Rf1
Rxf1+ 41. Kxf1 Rc8 42. Ke2 Rc2+ 43. Rd2 Rc4 44. Bb7 a5 45. Ba6 Rc5 46. b4 axb4
47. axb4 Rc3 48. Rb2 Rc4 49. Bxb5 Rxg4 50. Bc6 Rh4 51. Kd3 Ne6 52. Bf3 Kf6 53.
Rb1 Ke5 54. b5 Nc5+ 55. Kc3 Rh3 56. Kc4 Na4 57. Rf1 Rh4+ 58. Kb3 Nc5+ 59. Kc2
Rc4+ 60. Kd2 Rb4 61. Bc6 Rb2+ 62. Kc3 Na4+ 63. Kd3 f5 64. Ra1 Rb4 65. Be8 Nc5+
66. Kc3 Re4 67. Re1 Na4+ 68. Kd2 Rb4 69. Rc1 f4 70. exf4+ Rxf4 71. Rc6 Rf6 72.
Rxf6 Kxf6 73. Kd3 Ke5 74. Kc4 Kd6 75. Kd4 Ke6 76. Bg6 Kd6 77. Bf7 Nb6 78. Ke4
Ke7 79. Bb3 Nc8 80. Kd5 Kd7 81. Bd1 Ke7 82. Bg4 Nb6+ 83. Kc5 Na4+ 84. Kc6 Nb2
85. Be2 Na4 86. Bc4 Kd8 87. Be6 Ke7 88. Bb3 Nb2 89. b6 Nd3 90. b7 Ne5+ 91. Kc7
Nd7 92. Bc4 1-0

[Event "BL 1718 SK Norderstedt - SV Werder Brem"]
[Site "?"]
[Date "2017.11.12"]
[Round "4.8"]
[White "Michna, Christian"]
[Black "Koop, Thorben"]
[Result "0-1"]
[WhiteElo "2259"]
[BlackElo "2370"]
[PlyCount "62"]
[EventDate "2017.??.??"]

1. d4 Nf6 2. Bg5 Ne4 3. Bf4 d5 4. e3 Nd7 5. h4 e6 6. Nd2 Nxd2 7. Qxd2 Bd6 8.
Nf3 Bxf4 9. exf4 c5 10. c3 O-O 11. Bd3 cxd4 12. cxd4 Nf6 13. O-O-O Bd7 14. Kb1
Qb6 15. Ne5 Bb5 16. Bc2 Rac8 17. Rh3 Ne4 18. Bxe4 dxe4 19. Rb3 Qa6 20. Rg3 f6
21. Ng4 Bd3+ 22. Ka1 Qb6 23. Ne3 Qxd4 24. f5 e5 25. f3 Rfd8 26. a3 Ba6 27. Qe1
Qxd1+ 28. Nxd1 Rc1+ 29. Ka2 Bc4+ 30. b3 Rcxd1 31. Rxg7+ Kh8 0-1

[Event "BL 1718 SK Schwäbisch Hall - SV Werder"]
[Site "?"]
[Date "2017.12.09"]
[Round "5.1"]
[White "Areshchenko, Alexander"]
[Black "Laznicka, Viktor"]
[Result "1/2-1/2"]
[WhiteElo "2644"]
[BlackElo "2647"]
[PlyCount "118"]
[EventDate "2017.??.??"]

1. e4 c6 2. d4 d5 3. e5 Bf5 4. Nf3 e6 5. Be2 Nd7 6. O-O Bg6 7. Nbd2 Nh6 8. Nb3
Be7 9. a4 a5 10. Bxh6 gxh6 11. Bd3 O-O 12. Qd2 Kg7 13. c3 Qb6 14. Nc1 Rfd8 15.
Bxg6 hxg6 16. Nd3 Qa6 17. h4 h5 18. Kh2 Rh8 19. Rg1 Rag8 20. Nf4 Nb6 21. b3 Bd8
22. Rab1 Nc8 23. c4 Ne7 24. cxd5 Nxd5 25. Nxd5 cxd5 26. b4 axb4 27. Qxb4 Re8
28. Qxb7 Qxa4 29. Rgc1 Re7 30. Qb2 Ra7 31. Ra1 Qd7 32. Rxa7 Qxa7 33. Rc6 Re8
34. Qb4 Be7 35. Qc3 Qa2 36. Qe3 Qb1 37. Rc7 Qf5 38. g3 Bf8 39. Ng5 Re7 40. Rc3
Ra7 41. Qe2 Qb1 42. Qf3 Qf5 43. Qxf5 gxf5 44. Nh3 Bb4 45. Rc2 Ba5 46. Rc6 Bd2
47. Rc2 Bh6 48. f4 Ra3 49. Rd2 Kg8 50. Kg2 Rc3 51. Ng1 Bf8 52. Rb2 Rc7 53. Nf3
Be7 54. Kf2 Kg7 55. Ke2 Kg8 56. Rb8+ Kg7 57. Rb2 Kg8 58. Rb8+ Kg7 59. Rb2 Kg8
1/2-1/2

[Event "BL 1718 SK Schwäbisch Hall - SV Werder"]
[Site "?"]
[Date "2017.12.09"]
[Round "5.2"]
[White "Postny, Evgeny"]
[Black "Efimenko, Zahar"]
[Result "1/2-1/2"]
[WhiteElo "2581"]
[BlackElo "2642"]
[PlyCount "66"]
[EventDate "2017.??.??"]

1. d4 Nf6 2. c4 e6 3. g3 Bb4+ 4. Nd2 c5 5. a3 Bxd2+ 6. Qxd2 cxd4 7. Nf3 b6 8.
Bg2 Bb7 9. O-O Bxf3 10. Bxf3 Nc6 11. b3 O-O 12. Bb2 Qe7 13. Bxd4 Nxd4 14. Qxd4
Rad8 15. Rfc1 e5 16. Qb2 e4 17. Bg2 d5 18. e3 h5 19. b4 dxc4 20. Rxc4 Rd5 21.
Rac1 Rfd8 22. Rc8 Qe6 23. Qc2 Kh7 24. Rc6 R8d6 25. Rxd6 Rxd6 26. Bf1 g6 27. Qc7
Ng4 28. Bc4 Qd7 29. Bxf7 Rd1+ 30. Kg2 Nxe3+ 31. fxe3 Rd2+ 32. Kg1 Rd1+ 33. Kg2
Rd2+ 1/2-1/2

[Event "BL 1718 SK Schwäbisch Hall - SV Werder"]
[Site "?"]
[Date "2017.12.09"]
[Round "5.3"]
[White "Edouard, Romain"]
[Black "Michalik, Peter"]
[Result "1/2-1/2"]
[WhiteElo "2621"]
[BlackElo "2557"]
[PlyCount "41"]
[EventDate "2017.??.??"]

1. c4 c5 2. Nf3 Nc6 3. b3 e5 4. Bb2 d6 5. g3 g6 6. Bg2 Bg7 7. O-O Nge7 8. Nc3
O-O 9. d3 h6 10. Ne1 Bg4 11. Nc2 Qd7 12. Ne3 Bh3 13. Bxh3 Qxh3 14. Ned5 Qd7 15.
e4 Nxd5 16. Nxd5 f5 17. exf5 Rxf5 18. Qe2 Raf8 19. f3 Ne7 20. Nxe7+ Qxe7 21.
Qe4 1/2-1/2

[Event "BL 1718 SK Schwäbisch Hall - SV Werder"]
[Site "?"]
[Date "2017.12.09"]
[Round "5.4"]
[White "Wirig, Anthony"]
[Black "Hracek, Zbynek"]
[Result "1/2-1/2"]
[WhiteElo "2497"]
[BlackElo "2592"]
[PlyCount "49"]
[EventDate "2017.??.??"]

1. d4 Nf6 2. Nf3 e6 3. g3 d5 4. Bg2 Be7 5. O-O O-O 6. b3 c5 7. Bb2 Nc6 8. e3 b5
9. dxc5 Bxc5 10. Nbd2 b4 11. a3 bxa3 12. Bxa3 Bxa3 13. Rxa3 Qe7 14. Qa1 e5 15.
Ra4 Rd8 16. b4 e4 17. Nd4 Bd7 18. Nxc6 Bxc6 19. Ra5 Qxb4 20. Nb3 Bd7 21. Nd4
Rdb8 22. Rxa7 Rxa7 23. Qxa7 Qb6 24. Qxb6 Rxb6 25. Ra1 1/2-1/2

[Event "BL 1718 SK Schwäbisch Hall - SV Werder"]
[Site "?"]
[Date "2017.12.09"]
[Round "5.5"]
[White "Babula, Vlastimil"]
[Black "Womacka, Mathias"]
[Result "1-0"]
[WhiteElo "2550"]
[BlackElo "2438"]
[PlyCount "123"]
[EventDate "2017.??.??"]

1. d4 Nf6 2. c4 e6 3. Nf3 Bb4+ 4. Bd2 c5 5. Bxb4 cxb4 6. g3 b6 7. Bg2 Bb7 8.
O-O O-O 9. Nbd2 d6 10. Qb3 a5 11. Rfd1 Qc7 12. Nf1 Na6 13. Ne3 Be4 14. Ne1 Bxg2
15. N1xg2 Qb7 16. Nf4 Qd7 17. Qd3 Nc7 18. Rac1 Rfd8 19. a3 bxa3 20. bxa3 Rab8
21. Qd2 Qa4 22. Nd3 d5 23. Qb2 Rdc8 24. Rd2 dxc4 25. Nxc4 Ncd5 26. Rdc2 Qe8 27.
Nce5 h6 28. Nc6 Ra8 29. f3 Kh8 30. e4 Ne3 31. Rc3 Nd1 32. Rxd1 Rxc6 33. Rxc6
Qxc6 34. Ne5 Qa4 35. Rd3 Kg8 36. Qxb6 Rc8 37. Qb3 Rc1+ 38. Kg2 Rc2+ 39. Kh3
Qxb3 40. Rxb3 g5 41. Rb8+ Kg7 42. Rb7 g4+ 43. Nxg4 Nxg4 44. Kxg4 Rc3 45. Rb5
Rxa3 46. d5 exd5 47. Rxd5 a4 48. Ra5 Ra1 49. f4 a3 50. Kf5 Rh1 51. h4 Ra1 52.
e5 a2 53. g4 Kg8 54. Ra7 Kg7 55. h5 Kg8 56. e6 fxe6+ 57. Kg6 Kf8 58. g5 e5 59.
Kxh6 exf4 60. g6 Rg1 61. Rxa2 f3 62. Kh7 1-0

[Event "BL 1718 SK Schwäbisch Hall - SV Werder"]
[Site "?"]
[Date "2017.12.09"]
[Round "5.6"]
[White "Raykhman, Alexander"]
[Black "Werle, Jan"]
[Result "0-1"]
[WhiteElo "2402"]
[BlackElo "2519"]
[PlyCount "66"]
[EventDate "2017.??.??"]

1. d4 Nf6 2. c4 e6 3. Nf3 c5 4. d5 exd5 5. cxd5 d6 6. Nc3 g6 7. Bf4 Bg7 8. Qa4+
Bd7 9. Qb3 Qc7 10. e4 O-O 11. Nd2 Nh5 12. Be3 f5 13. exf5 Bxf5 14. Be2 Nf6 15.
h3 Na6 16. a3 Qd8 17. Qxb7 Nc7 18. Qb3 Rb8 19. Qa2 Nfxd5 20. Bc4 Kh8 21. Bxd5
Rxb2 22. Qxb2 Nxd5 23. Rc1 Nxc3 24. Qb3 Qf6 25. Nf3 Re8 26. Qc4 Bd7 27. h4 Bb5
28. Qb3 h6 29. h5 g5 30. Nxg5 Rxe3+ 31. fxe3 Qxg5 32. Kf2 Qf5+ 33. Ke1 Qd3 0-1

[Event "BL 1718 SK Schwäbisch Hall - SV Werder"]
[Site "?"]
[Date "2017.12.09"]
[Round "5.7"]
[White "Markgraf, Rolf-Alexander"]
[Black "Zeller, Frank"]
[Result "0-1"]
[WhiteElo "2520"]
[BlackElo "2368"]
[PlyCount "116"]
[EventDate "2017.??.??"]

1. e4 e5 2. Nf3 Nc6 3. Bc4 Nf6 4. d3 Be7 5. O-O O-O 6. Re1 d6 7. a4 Na5 8. Ba2
c5 9. c3 Nc6 10. Nbd2 Be6 11. Nf1 Bxa2 12. Rxa2 d5 13. Ng3 dxe4 14. dxe4 Qxd1
15. Rxd1 Rfd8 16. Re1 g6 17. Bg5 Rd3 18. Nf1 Rad8 19. Raa1 Kg7 20. Ne3 Ng8 21.
Bxe7 Ngxe7 22. Kf1 f6 23. Ke2 Kf7 24. Rh1 R3d7 25. h4 Na5 26. g4 Ke6 27. Rab1
c4 28. Rbg1 a6 29. Re1 b5 30. axb5 axb5 31. Ra1 Nb3 32. Ra6+ Rd6 33. Rxd6+ Rxd6
34. Rd1 Ra6 35. g5 f5 36. exf5+ gxf5 37. h5 f4 38. Nc2 Kf5 39. Rd7 Re6 40. Rb7
Kg4 41. g6 hxg6 42. h6 Nf5 43. h7 Re8 44. h8=Q Rxh8 45. Nxe5+ Kh5 46. Rxb5 Re8
47. Kf3 g5 48. Rd5 Nh4+ 49. Ke4 Ng6 50. Na3 Nxe5 51. Rxe5 Nc5+ 52. Kd5 Rxe5+
53. Kxe5 Nd3+ 54. Kd4 Nxb2 55. Nxc4 Nxc4 56. Kxc4 g4 57. Kd3 Kh4 58. Ke2 Kh3
0-1

[Event "BL 1718 SK Schwäbisch Hall - SV Werder"]
[Site "?"]
[Date "2017.12.09"]
[Round "5.8"]
[White "Zpevak, Pavel"]
[Black "Joachim, Sven"]
[Result "0-1"]
[WhiteElo "2339"]
[BlackElo "2391"]
[PlyCount "59"]
[EventDate "2017.??.??"]

1. d4 Nf6 2. c4 g6 3. Nc3 Bg7 4. Bg5 c5 5. d5 h6 6. Bf4 d6 7. e4 O-O 8. Be2 e6
9. dxe6 Bxe6 10. Qd2 Qa5 11. Nf3 Nc6 12. O-O g5 13. Bxd6 Rfd8 14. e5 Ng4 15.
Nd5 Qxd2 16. Nxd2 Ngxe5 17. Bxc5 Nxc4 18. Ne7+ Nxe7 19. Nxc4 Nf5 20. Rac1 b6
21. Ba3 Nd4 22. Bd1 b5 23. Na5 Bxa2 24. b3 Rac8 25. Rxc8 Rxc8 26. f4 Nc2 27.
Bxc2 Rxc2 28. Rd1 Bc3 29. Rd8+ Kh7 30. Nc6 0-1

[Event "BL 1718 SF Deizisau - SV Mülheim Nord"]
[Site "?"]
[Date "2017.12.09"]
[Round "5.2"]
[White "Bluebaum, Matthias"]
[Black "Levin, Felix"]
[Result "1/2-1/2"]
[WhiteElo "2642"]
[BlackElo "2475"]
[PlyCount "58"]
[EventDate "2017.??.??"]

1. Nf3 Nf6 2. g3 d5 3. Bg2 g6 4. c4 c6 5. Qa4 Nbd7 6. cxd5 cxd5 7. d4 Bg7 8.
O-O O-O 9. Nc3 Nb6 10. Qb3 Ne4 11. a4 Bf5 12. Ne5 Nxc3 13. bxc3 Bxe5 14. dxe5
Be6 15. Bh6 Re8 16. a5 Nc4 17. Qxb7 Nxa5 18. Qb5 Nc4 19. Ra6 Nxe5 20. Bf4 Nc4
21. Rfa1 Rc8 22. Rxa7 Nd6 23. Qd3 Ne4 24. Bxe4 dxe4 25. Qxe4 Rxc3 26. Bh6 Qd6
27. h4 Bf5 28. Qf4 Qxf4 29. Bxf4 f6 1/2-1/2

[Event "BL 1718 SF Deizisau - SV Mülheim Nord"]
[Site "?"]
[Date "2017.12.09"]
[Round "5.4"]
[White "Heimann, Andreas"]
[Black "Zelbel, Patrick"]
[Result "1/2-1/2"]
[WhiteElo "2577"]
[BlackElo "2456"]
[PlyCount "70"]
[EventDate "2017.??.??"]

1. Nf3 Nf6 2. c4 e6 3. Nc3 Bb4 4. Qc2 O-O 5. a3 Bxc3 6. Qxc3 d6 7. e3 b6 8. Be2
Bb7 9. O-O a5 10. b3 Nbd7 11. Bb2 Qe7 12. b4 e5 13. d4 Rfe8 14. Rfd1 Ne4 15.
Qc1 axb4 16. axb4 c5 17. bxc5 bxc5 18. Rxa8 Rxa8 19. Qc2 Ng5 20. Nxg5 Qxg5 21.
d5 Bc8 22. Ra1 Rxa1+ 23. Bxa1 Nf6 24. Qb1 Ne8 25. Bc3 Bg4 26. Bf1 h5 27. f4
exf4 28. Qe4 Nf6 29. Qxf4 Qxf4 30. exf4 Ne4 31. Ba5 Kf8 32. Bd3 Bf5 33. Be2 Bg4
34. Bd3 Bf5 35. Be2 Bg4 1/2-1/2

[Event "BL 1718 SF Deizisau - SV Mülheim Nord"]
[Site "?"]
[Date "2017.12.09"]
[Round "5.5"]
[White "Hausrath, Daniel"]
[Black "Graf, Alexander"]
[Result "1/2-1/2"]
[WhiteElo "2497"]
[BlackElo "2592"]
[PlyCount "48"]
[EventDate "2017.??.??"]

1. Nf3 Nf6 2. g3 d5 3. Bg2 e6 4. d4 b5 5. a4 b4 6. c4 bxc3 7. Nxc3 Be7 8. Bf4
O-O 9. O-O c6 10. a5 Ba6 11. Ne5 Qc8 12. Qa4 Nfd7 13. Rfc1 Nxe5 14. Bxe5 Qb7
15. e4 Bc4 16. exd5 exd5 17. Nd1 Bb3 18. a6 Qb6 19. Qa5 Qxa5 20. Rxa5 Bb4 21.
Raa1 Bd2 22. Rc5 Bb4 23. Rcc1 Bd2 24. Rc5 Bb4 1/2-1/2

[Event "BL 1718 SF Deizisau - SV Mülheim Nord"]
[Site "?"]
[Date "2017.12.09"]
[Round "5.6"]
[White "Keymer, Vincent"]
[Black "Saltaev, Mihail"]
[Result "1-0"]
[WhiteElo "2405"]
[BlackElo "2473"]
[PlyCount "105"]
[EventDate "2017.??.??"]

1. d4 d5 2. c4 e6 3. Nc3 Be7 4. Nf3 Nf6 5. Bf4 O-O 6. e3 b6 7. Bd3 Bb7 8. O-O
c5 9. dxc5 bxc5 10. Qb3 Qb6 11. Ne5 Rd8 12. Rfd1 Nh5 13. Qc2 g6 14. cxd5 Nxf4
15. d6 Nh3+ 16. gxh3 Bxd6 17. Nc4 Qc7 18. Be4 Be7 19. Rxd8+ Bxd8 20. Rd1 Nc6
21. Qa4 Bh4 22. Nd6 Rb8 23. Nxb7 Rxb7 24. Qxc6 Qxc6 25. Bxc6 Rxb2 26. Ne4 Rxa2
27. Rc1 f5 28. Ng3 Be7 29. Bb5 Kf7 30. Ne2 g5 31. h4 h6 32. hxg5 hxg5 33. h4
gxh4 34. Nf4 Kf6 35. Nxe6 Rb2 36. Bc4 Bd6 37. Rd1 Rb6 38. Ra1 h3 39. Nf4 Bxf4
40. exf4 Rb4 41. Bf1 Rxf4 42. Bxh3 Rh4 43. Kg2 Rh7 44. f4 Ke6 45. Re1+ Kd5 46.
Bxf5 Rg7+ 47. Kf3 a5 48. Be6+ Kd6 49. f5 Ke7 50. Ra1 Kf6 51. Rxa5 Rc7 52. Ke4
c4 53. Ra2 1-0

[Event "BL 1718 SF Deizisau - SV Mülheim Nord"]
[Site "?"]
[Date "2017.12.09"]
[Round "5.7"]
[White "van Osch, Mees"]
[Black "Dautov, Rustem"]
[Result "1/2-1/2"]
[WhiteElo "2320"]
[BlackElo "2600"]
[PlyCount "86"]
[EventDate "2017.??.??"]

1. e4 c6 2. d4 d5 3. Nd2 dxe4 4. Nxe4 Bf5 5. Ng3 Bg6 6. Nh3 e6 7. Nf4 Qc7 8. h4
Bd6 9. Nxg6 hxg6 10. Ne4 Bf4 11. Bxf4 Qxf4 12. Ng5 Nd7 13. g3 Qf5 14. Bg2 Qa5+
15. Qd2 Qxd2+ 16. Kxd2 Ngf6 17. a4 a5 18. Rad1 Nb6 19. b3 Rd8 20. Kc1 Nbd5 21.
Kb2 O-O 22. Rhe1 Rd6 23. Re5 Ng4 24. Re2 Ngf6 25. Re5 Ra8 26. Nf3 Kf8 27. c3
Ke7 28. Re2 Rdd8 29. Ne5 Nd7 30. Nc4 N5b6 31. Ne3 Nf6 32. Kc2 Kd6 33. Bf3 Kc7
34. Ng2 Nbd5 35. Ne1 Rd7 36. Nd3 Rad8 37. Ne5 Re7 38. Nc4 Ra8 39. Kb2 Nb6 40.
Ne5 Rd8 41. Kc2 Nfd7 42. Nd3 Rde8 43. Rde1 Nf6 1/2-1/2

[Event "BL 1718 SF Deizisau - SV Mülheim Nord"]
[Site "?"]
[Date "2017.12.09"]
[Round "5.8"]
[White "Schlosser, Philipp"]
[Black "Buckels, Valentin"]
[Result "1-0"]
[WhiteElo "2501"]
[BlackElo "2347"]
[PlyCount "105"]
[EventDate "2017.??.??"]

1. c4 e6 2. g3 Nf6 3. Bg2 d5 4. Nf3 dxc4 5. Qa4+ Bd7 6. Qxc4 c5 7. Ne5 Qc8 8.
d3 Nc6 9. Nxd7 Qxd7 10. Nd2 Nd4 11. Nf3 b5 12. Qc3 Nd5 13. Qd2 Be7 14. O-O O-O
15. Qd1 Nxf3+ 16. Bxf3 Rac8 17. a4 b4 18. Qb3 a5 19. Bd2 Bf6 20. Rfc1 Rfd8 21.
Rc2 Nb6 22. Be3 Bd4 23. Bg5 Re8 24. Bd2 h6 25. Be1 Red8 26. Bd2 Qe7 27. Rac1
Qf6 28. Be1 c4 29. dxc4 Nd7 30. Qa2 Rc5 31. Bg2 Rh5 32. Rd2 Ne5 33. Rcd1 Ng4
34. Bf3 Rg5 35. Bxg4 Rxg4 36. b3 Rf8 37. Qc2 h5 38. Kg2 Be5 39. Rd7 h4 40. Qd3
Qh6 41. Qf3 hxg3 42. hxg3 Qg5 43. Ra7 Rd4 44. Rxd4 Bxd4 45. Rd7 e5 46. e3 Bb2
47. Bd2 Qg6 48. e4 Bd4 49. Be3 Qe6 50. Rd5 Bxe3 51. Qxe3 f5 52. exf5 Rxf5 53.
Rxa5 1-0